000 00839nam a2200265 a 4500
001 BRCA_4261
005 20190320204614.0
008 150610s1939----mx-a######---#000-0#spa-#
041 _aspa
044 _amx
050 4 _aNK4032
_b.C47 2 1939
100 1 _aCervantes, Enrique A.
_9383
245 1 0 _aLoza blanca y azulejo de Puebla
_cEnrique A. Cervantes.
260 _aMéxico
_bM. Casas
_c1939
300 _a2 v.
_bil. (algunas a color)
_c29 cm.
500 _aEjemplar número 7 de 2,000
500 _aLa biblioteca cuenta además con el vol. 2 donado por Eugenio Sisto ubicado en acervo contemporáneo
500 _aEjemplar igual a A14 y CFG41 (4 ej.)
500 _aAM74
650 1 4 _aCerámica mexicana
_910988
650 1 4 _aAzulejos poblanos
_97260
650 1 4 _aCerámica
_zPuebla
_910989
902 _aGFM
942 _2lcc
_cB
999 _c3972
_d3972